| 000 | 00000nam##2200000za#4500 |
| 001 | 9.625505 |
| 003 | CaOODSP |
| 005 | 20210507160755 |
| 007 | ta |
| 008 | 150406|2000||||xxc||||| f|0| 0 fre|d |
| 020 | |a0-662-85356-3 |
| 022 | |a1497-6099 |
| 040 | |aCaOODSP|bfre |
| 043 | |an-cn--- |
| 086 | 1 |aCW69-16/1-2000F |
| 110 | 2 |aService canadien de la faune. |
| 245 | 10|aSituation des populations d'oiseaux migrateurs considérés comme gibier au Canada / |cpar Alain Filion et Kathryn M. Dickson. |
| 260 | |aOttawa - Ontario : |bEnvironnement Canada. |c2000. |
| 300 | |aiv, 89p. : |bgraphiques, références, tableaux ; |c28 cm. |
| 490 | 1 |aRapport du SCF sur la réglementation concernant les oiseaux migrateurs|x1497-6099|vN° 1 |
| 546 | |aAbstract in English |
| 563 | |aCouverture souple |
| 590 | |a01-05|b2001-02-02 |
| 691 | 07|aOiseau|2gcpds |
| 691 | 07|aProtection de la nature|2gcpds |
| 720 | 1 |aFilion, Alain |
| 720 | 1 |aDickson, Kathryn |
| 775 | 08|tPopulation status of migratory game birds in Canada / |w(CaOODSP)9.615393 |
| 776 | 0#|tSituation des populations d'oiseaux migrateurs considérés comme gibier au Canada, Novembre 2000 / |w(CaOODSP)9.602022 |
| 830 | #0|aRapport du SCF sur la réglementation concernant les oiseaux migrateurs,|x1497-6099|vN° 1|w(CaOODSP)9.512899 |